Effects of the temporary employment subsidy /

Bibliographic Details
Main Author: Deakin, B. M. (Brian Measures)
Other Authors: Pratten, C. F. (Clifford Frederick)
Format: Book
Language:English
Published: Cambridge [Cambridgeshire] ; New York : Cambridge University Press, 1982.
Series:Occasional papers (University of Cambridge. Department of Applied Economics) ; 53.
Subjects:

MARC

Tag First Indicator Second Indicator Subfields
LEADER 00000pam a2200000 a 4500
001 in00000085118
005 20151008055747.0
008 810721s1982 enka 00010 eng
010 |a  81010239  
020 |a 0521243580 
035 |a (OCoLC)07672522 
035 |9 AAJ4311AM 
039 0 |a 2  |b 3  |c 3  |d 3  |e 3 
040 |a DLC  |c DLC  |d TXA  |d UtOrBLW 
043 |a e-uk--- 
049 |a TXAM  |c [952001] 
050 0 0 |a HC260.S9  |b D4 
082 0 |a 339.5/0941  |2 19 
100 1 |a Deakin, B. M.  |q (Brian Measures) 
245 1 0 |a Effects of the temporary employment subsidy /  |c B.M. Deakin and C.F. Pratten. 
264 1 |a Cambridge [Cambridgeshire] ;  |a New York :  |b Cambridge University Press,  |c 1982. 
300 |a xvi, 236 pages :  |b illustrations ;  |c 25 cm. 
336 |a text  |b txt  |2 rdacontent 
337 |a unmediated  |b n  |2 rdamedia 
338 |a volume  |b nc  |2 rdacarrier 
490 1 |a Occasional paper / University of Cambridge Department of Applied Economics ;  |v 53 
650 0 |a Employment subsidies  |z Great Britain. 
651 0 |a Great Britain  |x Full employment policies. 
700 1 |a Pratten, C. F.  |q (Clifford Frederick) 
830 0 |a Occasional papers (University of Cambridge. Department of Applied Economics) ;  |v 53. 
999 |a MARS 
999 f f |s 0aad8285-7ed0-317f-889b-9a2839728cdd  |i d64cdbd7-02dc-3eb8-8792-49f6c4b774a5  |t 0 
952 f f |p ric  |a Texas A&M University  |b Rellis Campus  |c Joint Library Facility  |d Remote Storage  |t 0  |e HC260.S9 D4  |h Library of Congress classification  |i unmediated -- volume  |m A14806122556 
998 f f |a HC260.S9 D4  |t 0  |l Remote Storage